| Tag |
First Indicator |
Second Indicator |
Subfields |
| LEADER |
00000pam a2200000 a 4500 |
| 001 |
in00002424921 |
| 005 |
20190207101136.0 |
| 008 |
850402s1985 vtua 001 0 eng |
| 010 |
|
|
|a 85006543
|
| 020 |
|
|
|a 0913589144 (pbk.) :
|c $7.95
|
| 020 |
|
|
|a 9780913589144 (pbk.)
|
| 029 |
1 |
|
|a NZ1
|b 2647527
|
| 035 |
|
|
|a (OCoLC)ocm11969779
|
| 035 |
|
|
|a (OCoLC)11969779
|
| 040 |
|
|
|a DLC
|c DLC
|d BAKER
|d YDXCP
|d TXA
|d UtOrBLW
|
| 049 |
|
|
|a TXAM
|
| 050 |
0 |
0 |
|a TX805
|b .C44 1985
|
| 082 |
0 |
|
|a 641.6/16
|2 19
|
| 100 |
1 |
|
|a Chesman, Andrea.
|
| 245 |
1 |
0 |
|a Summer in a jar :
|b making pickles, jams & more /
|c Andrea Chesman ; illustrated by Loretta Trezzo.
|
| 264 |
|
1 |
|a Charlotte, Vt. :
|b Williamson Pub.,
|c [1985]
|
| 264 |
|
4 |
|c ©1985
|
| 300 |
|
|
|a 160 pages :
|b illustrations ;
|c 19 x 22 cm.
|
| 336 |
|
|
|a text
|b txt
|2 rdacontent
|
| 337 |
|
|
|a unmediated
|b n
|2 rdamedia
|
| 338 |
|
|
|a volume
|b nc
|2 rdacarrier
|
| 500 |
|
|
|a The Cushing Library/Chapman Texas Collection copy is part of the Floyd & Louise Chapman Texas & Borderlands Collection.
|5 TXA
|
| 500 |
|
|
|a Includes index.
|
| 500 |
|
|
|a "The Texas Cookbook Collection."
|
| 536 |
|
|
|a The Cushing Library/Texas & Borderlands copy was donated by Bonnie and John Kamenar.
|
| 650 |
|
0 |
|a Pickles.
|
| 650 |
|
0 |
|a Cooking (Relishes)
|
| 650 |
|
0 |
|a Jam.
|
| 650 |
|
0 |
|a Cooking, American.
|
| 938 |
|
|
|a Baker & Taylor
|b BKTY
|c 8.95
|d 6.71
|i 0913589144
|n 0000950531
|s active
|
| 938 |
|
|
|a YBP Library Services
|b YANK
|n 1059361
|
| 948 |
|
|
|a cataloged
|b h
|c 2008/10/24
|d c
|e ceaton
|f 10:39:51 am
|
| 994 |
|
|
|a C0
|b TXA
|
| 999 |
|
|
|a MARS
|
| 999 |
f |
f |
|s a2eff1c3-62e3-3aed-b1d4-bcc652d18a7d
|i 102beb2e-ae77-39d5-b7a1-dd86f6b5bf32
|t 0
|
| 952 |
f |
f |
|p noncirc
|a Texas A&M University
|b College Station
|c Cushing Memorial Library & Archives
|d Cushing: Chapman Texas Collection (Does not check out)
|t 0
|e TX805 .C44 1985
|h Library of Congress classification
|i unmediated -- volume
|
| 998 |
f |
f |
|a TX805 .C44 1985
|t 0
|l Cushing: Chapman Texas Collection (Does not check out)
|